00480nam a2200193 a 4500001001300000003000900013005001700022008004100039020000800080082001600088100002200104245002700126260003100153300000900184500003500193505001000228650002600238700002200264nice12345678IN_TiNIC20260116012202.0050524s1969 kana grp 000 0 urd  ac500a297.61bHAB aHabeebur Rahman,  aTazkiratul Musannifeen aKanpurbNo Publisherc1969 a360p aincludes index and biblioraphy2 aIndex aIslam-Biography-Ulama1 aHabeebur Rahman,